Picture the Song II Quiz Stats

 Plays Quiz Updated Sep 27, 2019

Score 0/300 Timer 10:00
40 Plays Today
% Correct
a
97.5%
a
97.5%
a
97.4%
I
97%
I
97%
I
97%
I
97%
I
97%
I
97%
the
93%
the
92.9%
the
92.9%
the
92.9%
the
92.9%
the
92.9%
the
92.9%
the
92.9%
the
92.9%
the
92.9%
the
92.9%
the
92.9%
the
92.9%
the
92.9%
the
92.9%
the
92.9%
the
92.9%
the
92.9%
the
92.9%
the
92.9%
the
92.9%
the
92.9%
the
92.9%
the
92.9%
the
92.9%
the
92.9%
the
92.9%
the
92.9%
the
92.9%
the
92.9%
the
92.9%
You
85.4%
you
85.4%
You
85.4%
you
85.4%
And
82.7%
And
82.7%
And
82.7%
and
82.7%
and
82.7%
And
82.7%
And
82.7%
And
82.7%
And
82.7%
and
82.7%
and
82.7%
And
82.7%
And
82.7%
And
82.7%
We
80.5%
We
80.5%
We
80.5%
we
80.5%
We
80.5%
We
80.5%
We
80.5%
we
80.5%
We
80.5%
We
80.5%
We
80.5%
we
80.5%
we
80.5%
We
80.5%
We
80.5%
We
80.5%
we
80.5%
We
80.5%
We
80.5%
We
80.5%
are
79.6%
are
79.6%
are
79.6%
are
79.6%
are
79.6%
are
79.6%
are
79.6%
are
79.6%
are
79.6%
are
79.6%
are
79.6%
are
79.6%
are
79.6%
are
79.6%
are
79.6%
are
79.6%
are
79.6%
are
79.6%
are
79.6%
are
79.6%
on
78.3%
on
78.3%
% Correct
on
78.3%
on
78.3%
on
78.3%
no
74.1%
No
74.1%
no
74.1%
No
74.1%
No
74.1%
No
74.1%
No
74.1%
no
74.1%
No
74.1%
No
74.1%
of
73.2%
of
73.2%
of
73.2%
of
73.2%
of
73.2%
of
73.2%
of
73.2%
my
72.6%
my
72.5%
my
72.5%
my
72.5%
my
72.5%
my
72.5%
my
72.5%
my
72.5%
my
72.5%
my
72.5%
my
72.5%
my
72.5%
my
72.5%
for
71.6%
for
71.5%
for
71.5%
for
71.5%
for
71.5%
me
69.6%
me
69.6%
Time
68%
time
68%
time
68%
time
68%
time
68%
time
68%
time
68%
world
67.1%
world
67.1%
world
67.1%
world
67.1%
it
65.6%
it
65.5%
it
65.5%
it
65.5%
in
64.6%
champions,
64.5%
champions
64.5%
champions
64.5%
champions
64.5%
champions,
64.5%
champions
64.5%
champions
64.5%
champions
64.5%
champions,
64.5%
champions
64.5%
champions
64.5%
champions
64.5%
champions
64.5%
champions,
64.5%
champions
64.5%
champions
64.5%
champions
64.5%
champions,
64.5%
champions
64.5%
after
61.7%
friends
60.6%
friends
60.6%
friends
60.6%
friends
59.9%
friends
59.9%
end
59.9%
end
59.9%
end
59.9%
end
59.9%
end
59.9%
lose
59.9%
lose
59.9%
keep
59.7%
keep
59.7%
keep
59.7%
keep
59.7%
keep
59.7%
we'll
59.1%
we'll
59.1%
we'll
59.1%
we'll
59.1%
we'll
59.1%
'til
58.6%
'til
58.6%
% Correct
'til
58.6%
'til
58.6%
'til
58.6%
fighting
58.4%
fighting
58.4%
fighting
58.4%
fighting
58.4%
fighting
58.4%
losers
57.6%
losers
57.6%
losers
57.6%
losers
57.6%
losers
57.6%
'Cause
57.5%
'Cause
57.5%
'Cause
57.5%
'Cause
57.5%
'Cause
57.5%
I've
55.3%
I've
55.3%
I've
55.3%
I've
55.3%
I've
55.3%
I've
55.3%
I've
55.3%
But
53.9%
But
53.8%
But
53.8%
But
53.8%
had
49.4%
that
47.8%
that
47.8%
all
47.6%
all
47.6%
paid
45.4%
dues
45.4%
it's
44.6%
it's
44.6%
crime
43.5%
made
43.3%
committed
42.6%
done
42.5%
been
42.3%
been
42.3%
with
42.1%
with
42.1%
few
42.1%
mistakes
41.1%
come
40.3%
share
39.2%
bad
39%
sentence
38.8%
bed
38.5%
bed
38.5%
through
38.2%
roses
38.1%
roses
38.1%
goes
35.9%
goes
35.9%
everything
34.6%
everything
34.6%
thank
33.5%
thank
33.5%
pleasure
33.1%
pleasure
33.1%
cruise
32.6%
cruise
32.6%
curtain
32.2%
curtain
32.2%
fame
32.1%
fame
32.1%
fortune
32%
fortune
32%
face
31.8%
taken
31.1%
taken
31.1%
calls
30%
calls
30%
kicked
29.5%
consider
28.7%
consider
28.7%
human
28.6%
human
28.6%
race
28.4%
race
28.4%
challenge
27.7%
challenge
27.7%
before
27.4%
before
27.4%
bows
27%
bows
27%
whole
26.8%
whole
26.8%
sand
26.6%
brought
24.4%
brought
24.4%
gonna
24.1%
gonna
24.1%
ain't
23.1%
ain't
23.1%

You're not logged in!

Compare scores with friends on all Sporcle quizzes.
OR
Log In

Sporcle TV

Today on Sporcle TV


Watch our educational content, quiz creation guides, and fun videos on Sporcle TV.

Show Comments

Extras

Top Quizzes Today


Score Distribution

Your Account Isn't Verified!

In order to create a playlist on Sporcle, you need to verify the email address you used during registration. Go to your Sporcle Settings to finish the process.

Report this User

Report this user for behavior that violates our Community Guidelines.

Details: